Comunicación entre grupos: el método del casette-foro

Збережено в:
Бібліографічні деталі
Автор: Kaplún, Mario (Автор)
Формат: Книга
Мова:Іспанська
Опубліковано: Ottawa International Development Research Centre 1984
Предмети:
Теги: Додати тег
Немає тегів, Будьте першим, хто поставить тег для цього запису!

MARC

LEADER 00000nam a2200000 a 4500
001 UCY9340
003 CL-VaPUC
008 950717e19840000CN |||||||||||||||||spa|d
082 0 4 |a 302.4  |b KAP  |2 21 
100 |a Kaplún, Mario  |e author  |9 555606 
245 1 0 |a Comunicación entre grupos: el método del casette-foro 
300 |a 111 p 
942 |c BK 
945 |d 19950717 00:00:00  |a mfernand 
260 |a Ottawa  |b International Development Research Centre  |c 1984 
650 7 |a COMUNICACION DE MASAS  |2 CL-VaPUC  |9 334823 
650 0 |a Participación social  |9 256140 
650 7 |a MATERIAL AUDIOVISUAL  |2 CL-VaPUC  |9 308466 
650 0 |a Grupos de discusión   |9 337605 
650 7 |a DISCUSIONES METODO DE ENSEÑANZA  |2 CL-VaPUC  |9 341431 
650 7 |a COMUNICACION EN GRUPO  |2 CL-VaPUC  |9 341432 
650 7 |a RELACIONES ENTRE GRUPOS  |2 CL-VaPUC  |9 337590 
583 |a last modification  |c 19950717 00:00:00  |k Rodrigo Vera 
999 |c 236451  |d 236449 
952 |0 0  |1 0  |4 0  |6 302_400000000000000_KAP_1984  |7 0  |8 A  |9 244544  |a BIBEDU  |b BIBEDU  |d 2019-11-18  |i 1533142  |o 302.4 KAP 1984  |p 1533142  |r 2019-11-18  |w 2019-11-18  |y BK  |k EDU